[Event "30. Augsburger Friedensfest-Open"]
[Site "Augsburg"]
[Date "2025.08.07"]
[Round "1.1"]
[White "Schmid, Bernhard"]
[Black "Poetsch, Hagen"]
[Result "0-1"]
[WhiteElo "2011"]
[BlackElo "2479"]
[EventDate "2025.08.07"]
[Time "09:30:00"]
[WhiteNrv "2011"]
[BlackNrv "2479"]
[WhiteTwz "2011"]
[BlackTwz "2479"]
[BlackTitle "GM"]
[WhiteFideId "12915467"]
[BlackFideId "24615137"]
[WhiteNatFedId "10191977"]
[BlackNatFedId "10165992"]
[WhiteAttr "M"]
[BlackAttr "M"]
[WhiteTeam "SK Kelheim 1920"]
[BlackTeam "SC Heusenstamm"]

1.d4 Nf6 2.c4 b6 3.f3 Nc6 4.Nc3 e5 5.d5 Ne7 6.e4 Ng6 7.Nge2 Bc5 8.Bg5 O-O 
9.h4 h6 10.Bd2 Nh5 11.Qc1 d6 12.g4 Nhf4 13.Nxf4 exf4 14.h5 Ne5 15.Be2 Bxg4
16.fxg4 f3 17.Bf1 Nxg4 18.Qc2 Bf2+ 19.Kd1 Bg3 20.Kc1 Nf2 21.Rg1 Bh2 22.Bg5
hxg5 23.Qxf2 Bxg1 24.Qxg1 f5 25.exf5 Rxf5 26.Qg4 Qf6 27.Kc2 Rf4 28.Qd7 g4 
29.Qxc7 g3 30.Bh3 g2 31.Rd1 Rh4 0-1

[Event "30. Augsburger Friedensfest-Open"]
[Site "Augsburg"]
[Date "2025.08.07"]
[Round "1.2"]
[White "Arun Kataria"]
[Black "Barsov, Vladislav"]
[Result "1-0"]
[WhiteElo "2308"]
[BlackElo "2005"]
[EventDate "2025.08.07"]
[Time "09:30:00"]
[WhiteNrv "2308"]
[BlackNrv "2005"]
[WhiteTwz "2308"]
[BlackTwz "2005"]
[WhiteTitle "FM"]
[WhiteFideId "46630368"]
[BlackFideId "34613757"]
[BlackNatFedId "10722198"]
[WhiteAttr "M"]
[BlackAttr "M"]
[WhiteTeam "?"]
[BlackTeam "SK Graefelfing"]

1.e4 e6 2.d4 d5 3.Nc3 Bb4 4.e5 c5 5.a3 Bxc3+ 6.bxc3 Nc6 7.Nf3 Nge7 8.Bd3 
Qa5 9.Bd2 Qa4 10.Qb1 cxd4 11.Bb5 Qa5 12.cxd4 Qb6 13.O-O Bd7 14.a4 O-O 15.
a5 Qc7 16.Bd3 Nf5 17.c3 h5 18.Qd1 f6 19.Re1 Rae8 20.exf6 gxf6 21.Bxf5 exf5
22.Nh4 Rxe1+ 23.Bxe1 Be8 24.Qf3 Ne7 25.Nxf5 Nxf5 26.Qxd5+ Rf7 27.Qxf5 Rg7 
28.Qxf6 Bc6 29.f3 Qf7 30.Qxf7+ Kxf7 31.Bg3 Bb5 32.Rb1 a6 33.c4 Bxc4 34.
Rxb7+ Kg6 35.Rxg7+ Kxg7 36.Kf2 Kf6 37.Be5+ Kf5 38.h3 Ke6 39.g4 hxg4 40.
fxg4 Bd3 41.h4 Bc2 42.Kg3 1-0

[Event "30. Augsburger Friedensfest-Open"]
[Site "Augsburg"]
[Date "2025.08.07"]
[Round "1.3"]
[White "Martin, Michael"]
[Black "Lupor, Andre"]
[Result "1/2-1/2"]
[WhiteElo "2005"]
[BlackElo "2276"]
[EventDate "2025.08.07"]
[Time "09:30:00"]
[WhiteNrv "2005"]
[BlackNrv "2276"]
[WhiteTwz "2005"]
[BlackTwz "2276"]
[BlackTitle "FM"]
[WhiteFideId "4695615"]
[BlackFideId "4680103"]
[WhiteNatFedId "10137235"]
[WhiteAttr "M"]
[BlackAttr "M"]
[WhiteTeam "SAbt TSV Haunstetten"]
[BlackTeam "?"]

1.Nf3 Nf6 2.d4 g6 3.c4 Bg7 4.Nc3 d5 5.cxd5 Nxd5 6.e3 O-O 7.Bc4 Nb6 8.Be2 
c5 9.dxc5 Qxd1+ 10.Bxd1 N6d7 11.Nd5 Nc6 12.Ba4 e6 13.Bxc6 bxc6 14.Ne7+ Kh8
15.Nxc8 Rfxc8 16.Rb1 Nxc5 17.b3 a5 18.Ke2 Ne4 19.Bb2 c5 20.Rhc1 a4 21.Rc4 
Bxb2 22.Rxb2 axb3 23.axb3 Nd6 24.Rc1 Rab8 25.Rbc2 Kg7 26.Nd2 Rb4 27.Ra2 c4
28.bxc4 Nxc4 29.Rxc4 Rbxc4 30.Nxc4 Rxc4 1/2-1/2

[Event "30. Augsburger Friedensfest-Open"]
[Site "Augsburg"]
[Date "2025.08.07"]
[Round "1.4"]
[White "Duong, Quang Bach"]
[Black "Lang, Thomas"]
[Result "1-0"]
[WhiteElo "2234"]
[BlackElo "2003"]
[EventDate "2025.08.07"]
[Time "09:30:00"]
[WhiteNrv "2234"]
[BlackNrv "2003"]
[WhiteTwz "2234"]
[BlackTwz "2003"]
[WhiteFideId "16287045"]
[BlackFideId "12982520"]
[WhiteNatFedId "10626174"]
[BlackNatFedId "10286870"]
[WhiteAttr "M"]
[BlackAttr "M"]
[WhiteTeam "SF Augsburg"]
[BlackTeam "SG Schwaebisch Gmuend 1872 e.V"]

1.e4 c5 2.Nf3 Nf6 3.Nc3 Nc6 4.Bb5 Qc7 5.O-O g6 6.Nd5 Nxd5 7.exd5 Nb4 8.Bc4
b5 9.Bxb5 Nxd5 10.d4 Bg7 11.c4 Rb8 12.Qe2 Rxb5 13.cxb5 cxd4 14.Bd2 Qb6 15.
a4 O-O 16.Rfe1 Bb7 17.a5 Qd8 18.Ra4 e5 19.Nxe5 Re8 20.Nc6 Rxe2 21.Nxd8 
Rxd2 22.Nxb7 Rxb2 23.b6 axb6 24.a6 Be5 25.a7 Nc7 26.g3 Bf6 27.Rc4 Ra2 28.
Rxc7 Rxa7 29.Rxd7 b5 30.Nc5 Ra2 31.Rb1 1-0

[Event "30. Augsburger Friedensfest-Open"]
[Site "Augsburg"]
[Date "2025.08.07"]
[Round "1.5"]
[White "Seisenberger, Georg"]
[Black "Niedermeier, Thomas"]
[Result "0-1"]
[WhiteElo "2002"]
[BlackElo "2227"]
[EventDate "2025.08.07"]
[Time "09:30:00"]
[WhiteNrv "2002"]
[BlackNrv "2227"]
[WhiteTwz "2002"]
[BlackTwz "2227"]
[BlackTitle "FM"]
[WhiteFideId "12903574"]
[BlackFideId "4669983"]
[WhiteNatFedId "10206064"]
[BlackNatFedId "10153852"]
[WhiteAttr "M"]
[BlackAttr "*"]
[WhiteTeam "SV Ilmmuenster"]
[BlackTeam "SV Ilmmuenster"]

1.d4 e6 2.c4 f5 3.Nc3 Nf6 4.e3 b6 5.Bd3 Bb7 6.f3 Bd6 7.Nge2 O-O 8.O-O Nc6 
9.a3 Nh5 10.Nb5 Be7 11.b4 a5 12.bxa5 Nxa5 13.Bb2 c6 14.Nbc3 Ba6 15.Qc2 
Bxc4 16.g4 Bxd3 17.Qxd3 fxg4 18.fxg4 Nf6 19.h3 b5 20.a4 b4 21.Nb1 Qb6 22.
Nd2 Qa6 23.Qxa6 Rxa6 24.g5 Nd5 25.Rxf8+ Kxf8 26.e4 Nb6 27.Rf1+ Kg8 28.Nf3 
Nac4 29.Bc1 Rxa4 30.g6 hxg6 31.Bg5 Bxg5 32.Nxg5 Ra5 33.h4 Nd2 34.Rf2 b3 
35.Nf4 b2 36.Nxg6 Rxg5+ 37.hxg5 b1=Q+ 38.Kh2 Qb4 39.Rf8+ Kh7 0-1

[Event "30. Augsburger Friedensfest-Open"]
[Site "Augsburg"]
[Date "2025.08.07"]
[Round "1.6"]
[White "Boehme, Markus"]
[Black "Kaufmann, Kurt"]
[Result "1/2-1/2"]
[WhiteElo "2212"]
[BlackElo "1998"]
[EventDate "2025.08.07"]
[Time "09:30:00"]
[WhiteNrv "2212"]
[BlackNrv "1998"]
[WhiteTwz "2212"]
[BlackTwz "1998"]
[WhiteFideId "12946850"]
[BlackFideId "4621301"]
[WhiteNatFedId "10259261"]
[BlackNatFedId "10101093"]
[WhiteAttr "M"]
[BlackAttr "M"]
[WhiteTeam "SC Uttenreuth e.V."]
[BlackTeam "SK 1926 Noerdlingen-Ries"]

1.Nf3 Nf6 2.g3 e6 3.Bg2 d5 4.O-O Be7 5.d4 O-O 6.c4 c5 7.dxc5 Bxc5 8.a3 
dxc4 9.Qc2 Nbd7 10.Qxc4 a5 11.Nc3 b6 12.Bf4 Ba6 13.Qa2 Rc8 14.Rad1 Qe7 15.
Rd2 h6 16.Na4 Bc4 17.Qb1 Nd5 18.Nxc5 Nxc5 19.Ne5 Bb3 20.Rd4 Nxf4 21.gxf4 
Rc7 22.Rc1 Rfc8 23.Rc3 g6 24.Qc1 Kg7 25.Qe3 a4 26.Qd2 Na6 27.Nc6 Qf6 28.e3
Nb8 29.Nxb8 Rxc3 30.bxc3 Rxb8 31.Bc6 Rc8 32.Be4 Qe7 33.Rd7 Qc5 34.Qd4+ 
Qxd4 35.cxd4 Rc1+ 36.Kg2 Ra1 37.Rb7 Rxa3 38.Bc6 Ra1 39.Rxb6 Rc1 40.Be4 a3 
41.Rxb3 a2 42.Ra3 a1=Q 43.Rxa1 Rxa1 44.h4 Ra5 45.Kg3 Kf6 46.Bc6 Ke7 47.Bf3
h5 48.Bg2 Kd6 49.Be4 Kc7 50.Bd3 Kb6 51.Be4 Kc7 1/2-1/2

[Event "30. Augsburger Friedensfest-Open"]
[Site "Augsburg"]
[Date "2025.08.07"]
[Round "1.7"]
[White "Kaufmann, Thorsten"]
[Black "Hoepfl, Thomas Dr."]
[Result "1/2-1/2"]
[WhiteElo "1998"]
[BlackElo "2194"]
[EventDate "2025.08.07"]
[Time "09:30:00"]
[WhiteNrv "1998"]
[BlackNrv "2194"]
[WhiteTwz "1998"]
[BlackTwz "2194"]
[BlackTitle "FM"]
[WhiteFideId "24647950"]
[BlackFideId "4615182"]
[WhiteNatFedId "10101131"]
[BlackNatFedId "10086024"]
[WhiteAttr "M"]
[BlackAttr "M"]
[WhiteTeam "SK Sontheim/Brenz e.V."]
[BlackTeam "SV Saalespringer Halle"]

1.e4 e5 2.Nf3 Nc6 3.Bb5 a6 4.Ba4 Nf6 5.O-O Be7 6.Re1 b5 7.Bb3 d6 8.c3 O-O 
9.h3 Na5 10.Bc2 c5 11.d4 Qc7 12.Nbd2 Bd7 13.Nf1 Rfe8 14.Ne3 Bf8 15.Nd5 
Nxd5 16.exd5 exd4 17.Rxe8 Rxe8 18.Ng5 g6 19.cxd4 cxd4 20.Ne4 Bg7 21.Bf4 
Nc4 22.Rc1 f5 23.Ng5 Nxb2 24.Bb3 Qa5 25.Qc2 Re1+ 26.Rxe1 Qxe1+ 27.Kh2 Be5 
28.Bxe5 Qxe5+ 29.g3 d3 30.Qc7 Qe7 31.Ne6 d2 32.Qb8+ Be8 33.Nc7 Kf7 34.Nxe8
Qxe8 35.Qxd6 d1=Q 36.Bxd1 Nxd1 37.Qc7+ Kg8 38.d6 Qe2 39.d7 Qxf2+ 40.Kh1 
Qf3+ 1/2-1/2

[Event "30. Augsburger Friedensfest-Open"]
[Site "Augsburg"]
[Date "2025.08.07"]
[Round "1.8"]
[White "Pogan, Nikolas"]
[Black "Kraemer, Max"]
[Result "1-0"]
[WhiteElo "2190"]
[BlackElo "1997"]
[EventDate "2025.08.07"]
[Time "09:30:00"]
[WhiteNrv "2190"]
[BlackNrv "1997"]
[WhiteTwz "2190"]
[BlackTwz "1997"]
[WhiteTitle "FM"]
[WhiteFideId "24673579"]
[BlackFideId "16211545"]
[WhiteNatFedId "10166052"]
[BlackNatFedId "10114551"]
[WhiteAttr "*"]
[BlackAttr "*"]
[WhiteTeam "Heilbronner SV"]
[BlackTeam "SK Caissa Augsburg"]

1.Nf3 Nf6 2.g3 g6 3.Bg2 Bg7 4.O-O O-O 5.d4 d6 6.b3 c6 7.Bb2 Nbd7 8.c4 Qc7 
9.Nc3 a6 10.Rc1 Rd8 11.d5 Ne4 12.Qc2 Nxc3 13.Bxc3 Bxc3 14.Qxc3 Nf6 15.dxc6
bxc6 16.c5 d5 17.Qe5 Ra7 18.Rfd1 Bg4 19.Rd4 Bxf3 20.Qxc7 Rxc7 21.Bxf3 e5 
22.Ra4 Ra7 23.e3 Rb8 24.b4 Ne8 25.Be2 Nc7 26.Rc3 Kf8 27.g4 f6 28.Kg2 Ke7 
29.h4 h6 30.Kg3 Nb5 31.Rb3 Kd7 32.Ra5 Rba8 33.f3 Kc8 34.Bd3 Rg7 35.a4 Nc7 
36.b5 axb5 37.Rxa8+ Nxa8 38.axb5 cxb5 39.Rxb5 Rb7 40.Ra5 Nc7 41.Bxg6 Rb5 
42.Rxb5 Nxb5 43.f4 Kd7 44.h5 Nc7 45.g5 fxg5 46.fxg5 Ke7 47.gxh6 Kf6 48.c6 
Ne6 49.Kf2 d4 50.exd4 exd4 51.Ke1 Nc7 52.Kd2 Nd5 53.Bd3 Nc7 54.Bc4 Ne8 55.
Kd3 1-0

[Event "30. Augsburger Friedensfest-Open"]
[Site "Augsburg"]
[Date "2025.08.07"]
[Round "1.9"]
[White "Westerhof, Fleur"]
[Black "Garcia Ramos, Marcos"]
[Result "0-1"]
[WhiteElo "1987"]
[BlackElo "2180"]
[EventDate "2025.08.07"]
[Time "09:30:00"]
[WhiteNrv "1987"]
[BlackNrv "2180"]
[WhiteTwz "1987"]
[BlackTwz "2180"]
[WhiteFideId "1080369"]
[BlackFideId "2237601"]
[WhiteNatFedId "10890447"]
[BlackNatFedId "10282965"]
[WhiteAttr "W"]
[BlackAttr "M"]
[WhiteTeam "SK Turm Kleve 1974 e. V."]
[BlackTeam "SC 1934 Gelnhausen"]

1.e4 e5 2.Nf3 Nc6 3.Bc4 Nf6 4.d3 d5 5.exd5 Nxd5 6.O-O Nb6 7.Bb5 Bd6 8.
Bxc6+ bxc6 9.Nxe5 Bxe5 10.Re1 Qe7 11.d4 Bxh2+ 12.Kxh2 Be6 13.Be3 O-O-O 14.
b3 Qh4+ 15.Kg1 Rd5 16.c4 Rh5 17.f3 g5 18.Nc3 g4 19.f4 Qh1+ 20.Kf2 g3+ 21.
Kf3 Qh4 0-1

[Event "30. Augsburger Friedensfest-Open"]
[Site "Augsburg"]
[Date "2025.08.07"]
[Round "1.10"]
[White "Reis, Thomas"]
[Black "Hoeller, Armin"]
[Result "1/2-1/2"]
[WhiteElo "2178"]
[BlackElo "1976"]
[EventDate "2025.08.07"]
[Time "09:30:00"]
[WhiteNrv "2178"]
[BlackNrv "1976"]
[WhiteTwz "2178"]
[BlackTwz "1976"]
[WhiteFideId "4678699"]
[BlackFideId "24651923"]
[WhiteNatFedId "10174084"]
[BlackNatFedId "10085787"]
[WhiteAttr "M"]
[BlackAttr "M"]
[WhiteTeam "SK Kriegshaber"]
[BlackTeam "SK Weilheim e.V."]

1.d4 f5 2.Nf3 Nf6 3.c4 e6 4.e3 d5 5.Be2 Be7 6.O-O O-O 7.b3 b6 8.Ba3 Bxa3 
9.Nxa3 Qe7 10.Nc2 Ne4 11.Nce1 Bb7 12.Qc2 Na6 13.Qb2 c5 14.cxd5 exd5 15.Rc1
Nc7 16.Nd3 Ne6 17.dxc5 bxc5 18.Qe5 Rae8 19.Rc2 Qd7 20.Qb2 g5 21.Nfe5 Qd6 
22.f3 Nf6 23.Rd1 f4 24.exf4 Nxf4 25.Nxf4 gxf4 26.Nd3 Ba6 27.Nxf4 Bxe2 28.
Nxe2 d4 29.Ng3 Re5 30.Rcc1 Rfe8 31.Qd2 d3 32.Kh1 Qd4 33.Nf1 Re2 34.Qg5+ 
Kf7 35.Ng3 d2 36.Nxe2 Rxe2 37.Rb1 Qf2 38.Qg3 Qe3 39.h3 Ne4 40.Qc7+ Kg6 41.
fxe4 Rxg2 42.Qd6+ Kh5 43.Kxg2 Qe2+ 44.Kg3 Qe3+ 45.Kg2 1/2-1/2

[Event "30. Augsburger Friedensfest-Open"]
[Site "Augsburg"]
[Date "2025.08.07"]
[Round "1.11"]
[White "Beesk, Kevin"]
[Black "Bilchinski, Anton"]
[Result "0-1"]
[WhiteElo "1972"]
[BlackElo "2162"]
[EventDate "2025.08.07"]
[Time "09:30:00"]
[WhiteNrv "1972"]
[BlackNrv "2162"]
[WhiteTwz "1972"]
[BlackTwz "2162"]
[BlackTitle "FM"]
[WhiteFideId "1271882"]
[BlackFideId "24615765"]
[WhiteNatFedId "10011885"]
[BlackNatFedId "10254221"]
[WhiteAttr "M"]
[BlackAttr "M"]
[WhiteTeam "SF Augsburg"]
[BlackTeam "SC Eppingen"]

1.d4 Nf6 2.Bf4 c5 3.d5 Qb6 4.Nc3 Qxb2 5.Bd2 Qb6 6.e4 d6 7.f4 Qc7 8.h3 a6 
9.a4 g6 10.Nf3 Bg7 11.Rb1 O-O 12.Bc4 e5 13.O-O exf4 14.Bxf4 Nh5 15.Bd2 Ng3
16.Re1 Nd7 17.Kh2 Nh5 18.g4 Ne5 19.Qe2 Nxf3+ 20.Qxf3 Nf6 21.Ne2 Nd7 22.Ng1
Ne5 23.Qe2 Bd7 24.a5 Nxc4 25.Qxc4 Bb5 26.Qa2 f5 27.exf5 gxf5 28.g5 c4 29.
Qa3 Be5+ 30.Kg2 c3 31.Be3 Bc4 32.Rbd1 Qf7 33.Nf3 Bxd5 34.Qb4 Rac8 35.Kf2 
Bxf3 36.Kxf3 Rc4 37.Qb3 Rfc8 38.Kf2 f4 39.Bb6 Qh5 40.Rxe5 Qxd1 41.Re8+ 
Rxe8 42.Qxc4+ d5 0-1

[Event "30. Augsburger Friedensfest-Open"]
[Site "Augsburg"]
[Date "2025.08.07"]
[Round "1.12"]
[White "Romfeld, Michael"]
[Black "Rinderle, Matthias Dr."]
[Result "1/2-1/2"]
[WhiteElo "2162"]
[BlackElo "1968"]
[EventDate "2025.08.07"]
[Time "09:30:00"]
[WhiteNrv "2162"]
[BlackNrv "1968"]
[WhiteTwz "2162"]
[BlackTwz "1968"]
[WhiteFideId "16211537"]
[BlackFideId "533033340"]
[WhiteNatFedId "10180068"]
[BlackNatFedId "10177473"]
[WhiteAttr "M"]
[BlackAttr "M"]
[WhiteTeam "SAbt TSV Haunstetten"]
[BlackTeam "SK Rochade Augsburg"]

1.e4 d6 2.d4 Nf6 3.Nc3 e5 4.dxe5 dxe5 5.Qxd8+ Kxd8 6.Bd2 Bd6 7.O-O-O Ke7 
8.f3 c6 9.g3 Nbd7 10.Nh3 b5 11.Nf2 a5 12.Be3 Bc5 13.Bxc5+ Nxc5 14.Nd3 Nfd7
15.Be2 Nxd3+ 16.cxd3 b4 17.Nb1 Ba6 18.Kd2 Rhd8 19.Ke3 Nf8 20.Rc1 Bb5 21.f4
f6 22.fxe5 fxe5 23.Nd2 Ne6 24.Nc4 Bxc4 25.Rxc4 Nd4 26.Rf1 Ra7 27.Rf2 Kd6 
28.Rc1 Rb8 1/2-1/2

[Event "30. Augsburger Friedensfest-Open"]
[Site "Augsburg"]
[Date "2025.08.07"]
[Round "1.13"]
[White "Wezel, Sebastian"]
[Black "Schork, Stefan"]
[Result "0-1"]
[WhiteElo "1965"]
[BlackElo "2124"]
[EventDate "2025.08.07"]
[Time "09:30:00"]
[WhiteNrv "1965"]
[BlackNrv "2124"]
[WhiteTwz "1965"]
[BlackTwz "2124"]
[WhiteFideId "24677884"]
[BlackFideId "4667590"]
[WhiteNatFedId "10240928"]
[BlackNatFedId "10198152"]
[WhiteAttr "M"]
[BlackAttr "M"]
[WhiteTeam "SV Dettingen Erms"]
[BlackTeam "SC Pforzheim 1906"]

1.e4 c6 2.Nc3 d5 3.Nf3 dxe4 4.Nxe4 Nd7 5.Bc4 e6 6.Qe2 Be7 7.d4 Ngf6 8.Neg5
Nb6 9.Bb3 h6 10.Ne4 Nbd5 11.O-O Qc7 12.Ne5 O-O 13.Re1 b6 14.c4 Nxe4 15.
Qxe4 Bb4 16.Rd1 Ne7 17.Bf4 Bd6 18.c5 Bxe5 19.Bxe5 Qd7 20.Bd6 Rd8 21.Bc2 
Nf5 22.g4 Nxd6 23.Qh7+ Kf8 24.cxd6 Qxd6 25.Qh8+ Ke7 26.Qxg7 Bb7 27.Bg6 Qf4
28.Bh5 c5 29.Qe5 Rxd4 0-1

[Event "30. Augsburger Friedensfest-Open"]
[Site "Augsburg"]
[Date "2025.08.07"]
[Round "1.14"]
[White "Foerch, Benedikt"]
[Black "Vuong, Anh-Tu"]
[Result "1-0"]
[WhiteElo "2114"]
[BlackElo "1963"]
[EventDate "2025.08.07"]
[Time "09:30:00"]
[WhiteNrv "2114"]
[BlackNrv "1963"]
[WhiteTwz "2114"]
[BlackTwz "1963"]
[WhiteFideId "16228758"]
[BlackFideId "34658920"]
[WhiteNatFedId "10052041"]
[BlackNatFedId "10232351"]
[WhiteAttr "M"]
[BlackAttr "*"]
[WhiteTeam "SK Neuburg"]
[BlackTeam "SG Schwabing Muenchen Nord e.V."]

1.Nf3 Nf6 2.g3 g6 3.Bg2 Bg7 4.O-O c5 5.c4 O-O 6.d4 d6 7.b3 Nc6 8.Bb2 Bf5 
9.Qc1 Qc8 10.Rd1 Bg4 11.d5 Bxf3 12.exf3 Nd4 13.Bxd4 cxd4 14.Na3 Nd7 15.Bh3
a6 16.Rb1 Qe8 17.Nc2 b5 18.Bxd7 Qxd7 19.Nxd4 Rfc8 20.Nc6 Rxc6 21.dxc6 Qxc6
22.cxb5 Qxc1 23.Rdxc1 axb5 24.a4 Bf6 25.axb5 Rb8 26.f4 Rxb5 27.Kf1 h6 28.
b4 g5 29.fxg5 hxg5 30.Rc2 Bd4 31.Ra2 Bc5 32.Ra5 Rxb4 33.Rxb4 Bxb4 34.Rxg5+
Kh7 35.Rb5 Bc5 36.f4 Kg6 37.Ke2 e6 38.g4 Bd4 39.h4 e5 40.Rd5 Kf6 41.Rxd6+ 
1-0

[Event "30. Augsburger Friedensfest-Open"]
[Site "Augsburg"]
[Date "2025.08.07"]
[Round "1.15"]
[White "Hotman, Cagan Arhan"]
[Black "Bossinger, Patrick"]
[Result "0-1"]
[WhiteElo "1961"]
[BlackElo "2085"]
[EventDate "2025.08.07"]
[Time "09:30:00"]
[WhiteNrv "1961"]
[BlackNrv "2085"]
[WhiteTwz "1961"]
[BlackTwz "2085"]
[WhiteFideId "44565798"]
[BlackFideId "16219759"]
[WhiteNatFedId "10804822"]
[BlackNatFedId "10266033"]
[WhiteAttr "M"]
[BlackAttr "M"]
[WhiteTeam "SK Ingolstadt"]
[BlackTeam "SV Jedesheim 1921"]

1.e4 c5 2.Nf3 Nc6 3.d4 cxd4 4.Nxd4 g6 5.Nc3 Bg7 6.Be3 Nf6 7.Bc4 O-O 8.Bb3 
Re8 9.f3 e6 10.Qd2 d5 11.O-O-O Nxd4 12.Bxd4 e5 13.Be3 d4 14.Bg5 Qb6 15.Nd5
Nxd5 16.exd5 a5 17.Ba4 Rd8 18.Bxd8 Qxd8 19.c4 dxc3 20.bxc3 Qh4 21.Qc2 Bf5 
22.Qb3 Qf2 23.Rd2 Bh6 24.Rd1 Qc5 25.Kb2 Bxd2 26.Rxd2 Qe3 27.Rd1 Ra6 28.Bb5
a4 29.Qc4 a3+ 30.Ka1 Rb6 31.Be8 Qd2 32.Bxf7+ Kg7 0-1

[Event "30. Augsburger Friedensfest-Open"]
[Site "Augsburg"]
[Date "2025.08.07"]
[Round "1.16"]
[White "Birth, Daniel"]
[Black "Filin, Denys"]
[Result "0-1"]
[WhiteElo "2083"]
[BlackElo "1960"]
[EventDate "2025.08.07"]
[Time "09:30:00"]
[WhiteNrv "2083"]
[BlackNrv "1960"]
[WhiteTwz "2083"]
[BlackTwz "1960"]
[WhiteFideId "4671651"]
[BlackFideId "14173476"]
[WhiteNatFedId "10016923"]
[BlackNatFedId "10658679"]
[WhiteAttr "M"]
[BlackAttr "M"]
[WhiteTeam "SK Rochade Augsburg"]
[BlackTeam "SK Kriegshaber"]

1.b3 e5 2.Bb2 Nc6 3.e3 d5 4.Bb5 f6 5.Qh5+ g6 6.Qh4 Bd7 7.f4 Nb4 8.Bxd7+ 
Qxd7 9.fxe5 Nxc2+ 10.Ke2 fxe5 11.Nf3 Be7 12.Qg3 Bf6 13.Rc1 Nxa1 14.Bxe5 c6
15.Nc3 Qe6 16.d4 Nh6 17.Qf4 Bxe5 18.dxe5 Nf7 19.Na4 b6 20.Qb4 c5 21.Nxc5 
bxc5 22.Qxc5 Rd8 23.Rxa1 Rc8 24.Qb4 Qb6 25.Qa3 Qb5+ 26.Kf2 Rc2+ 27.Kg3 Nh6
28.Nd4 Nf5+ 29.Nxf5 gxf5 30.Qd6 Rxg2+ 0-1

[Event "30. Augsburger Friedensfest-Open"]
[Site "Augsburg"]
[Date "2025.08.07"]
[Round "1.17"]
[White "Fuertler, Oliver"]
[Black "Isbilir, Levin"]
[Result "0-1"]
[WhiteElo "1959"]
[BlackElo "2073"]
[EventDate "2025.08.07"]
[Time "09:30:00"]
[WhiteNrv "1959"]
[BlackNrv "2073"]
[WhiteTwz "1959"]
[BlackTwz "2073"]
[WhiteFideId "1682490"]
[BlackFideId "16267192"]
[BlackNatFedId "10593582"]
[WhiteAttr "M"]
[BlackAttr "M"]
[WhiteTeam "?"]
[BlackTeam "SC Erlangen 48/88"]

1.Nf3 c5 2.g3 Nc6 3.Bg2 g6 4.O-O Bg7 5.d3 d6 6.c4 e5 7.Nc3 Nge7 8.a3 O-O 
9.Rb1 a5 10.Bd2 Rb8 11.Na2 d5 12.cxd5 Nxd5 13.Rc1 b6 14.Nc3 Nde7 15.Qc2 h6
16.Na2 Be6 17.b4 axb4 18.axb4 Ra8 19.Nc3 cxb4 20.Nb1 b3 21.Qd1 b2 22.Rc3 
e4 23.dxe4 Bxc3 24.Nxc3 Nd4 25.Nxd4 Qxd4 26.Qc2 Rfc8 27.Qxb2 Ra2 28.Be3 
Qxc3 29.Qxb6 Ra1 30.Bxh6 Rxf1+ 31.Bxf1 Qa1 32.Kg2 Bh3+ 33.Kxh3 Qxf1+ 34.
Kh4 Qxe2 35.g4 Kh7 36.Qf6 Kxh6 37.g5+ Kh7 38.Qxf7+ Kh8 39.Qxe7 Qh5+ 40.Kg3
Rc3+ 41.Kf4 Qxh2+ 42.Kg4 Qg2+ 43.Kf4 Qxf2+ 44.Ke5 Qc5+ 45.Qxc5 Rxc5+ 46.
Kf6 Kh7 47.e5 Ra5 48.e6 Rf5+ 49.Ke7 Rxg5 50.Kd6 Rg1 0-1

[Event "30. Augsburger Friedensfest-Open"]
[Site "Augsburg"]
[Date "2025.08.07"]
[Round "1.18"]
[White "Stork, Simon"]
[Black "Kapfer, Ulrich"]
[Result "1/2-1/2"]
[WhiteElo "2063"]
[BlackElo "1952"]
[EventDate "2025.08.07"]
[Time "09:30:00"]
[WhiteNrv "2063"]
[BlackNrv "1952"]
[WhiteTwz "2063"]
[BlackTwz "1952"]
[WhiteFideId "16217012"]
[BlackFideId "12908371"]
[WhiteNatFedId "10217074"]
[BlackNatFedId "10099745"]
[WhiteAttr "M"]
[BlackAttr "M"]
[WhiteTeam "SK Rochade Augsburg"]
[BlackTeam "SC Dillingen"]

1.d4 e6 2.c4 d5 3.Nf3 Nf6 4.g3 b6 5.Bg2 Bb7 6.Ne5 Bb4+ 7.Nc3 O-O 8.O-O 
Nbd7 9.Bg5 Be7 10.cxd5 Nxd5 11.Bxe7 Qxe7 12.Nxd5 exd5 13.Nxd7 Qxd7 14.Qd3 
Rfe8 15.Rfc1 Qd6 16.b4 a5 17.b5 c6 18.bxc6 Bxc6 19.e3 Rec8 20.Rc3 Bd7 21.
Rac1 g6 22.h4 Rxc3 23.Rxc3 Rc8 24.h5 Rxc3 25.Qxc3 gxh5 26.Qb3 Be6 27.Qb5 
Kg7 28.Bf3 h4 29.gxh4 Qd8 30.h5 h6 31.Qc6 Qg5+ 32.Kf1 Bh3+ 33.Ke2 Qg1 34.
Qxd5 Bf1+ 35.Kd2 Qxf2+ 36.Kd1 Qxe3 37.Be4 Qe2+ 38.Kc1 Qc4+ 39.Kd2 Qxd5 40.
Bxd5 Bh3 41.Ke3 Bg4 42.Kf4 Bxh5 43.Ke5 Kf8 44.Kd6 Ke8 45.Kc7 Bg4 46.Kxb6 
Kd7 47.Bxf7 Kd6 48.Kxa5 Bf3 49.a4 h5 50.Bxh5 Bxh5 1/2-1/2

[Event "30. Augsburger Friedensfest-Open"]
[Site "Augsburg"]
[Date "2025.08.07"]
[Round "1.19"]
[White "Kelembet, Maksym"]
[Black "Baeuml, Ulrich"]
[Result "1-0"]
[WhiteElo "1952"]
[BlackElo "2055"]
[EventDate "2025.08.07"]
[Time "09:30:00"]
[WhiteNrv "1952"]
[BlackNrv "2055"]
[WhiteTwz "1952"]
[BlackTwz "2055"]
[WhiteFideId "34684735"]
[BlackFideId "4635051"]
[WhiteNatFedId "10828571"]
[BlackNatFedId "10006494"]
[WhiteAttr "M"]
[BlackAttr "M"]
[WhiteTeam "SV Jedesheim 1921"]
[BlackTeam "SC Dillingen"]

1.c4 c5 2.Nf3 Nc6 3.d4 cxd4 4.Nxd4 Nf6 5.g3 g6 6.Bg2 Bg7 7.O-O O-O 8.Nc3 
Qb6 9.Nb3 d6 10.e4 Bg4 11.Qe1 Ne5 12.Be3 Qc7 13.f3 Bd7 14.c5 Nd3 15.Qe2 
Nxc5 16.Nxc5 dxc5 17.Rac1 b6 18.b4 cxb4 19.Nd5 Nxd5 20.Rxc7 Nxc7 21.Qc4 
Rac8 22.Qxb4 Be6 23.a4 Na6 24.Qxe7 Rc7 25.Qg5 Rfc8 26.Rd1 f6 27.Qf4 g5 28.
Qd6 Rc6 29.Qe7 Bf8 30.Qxf6 Bb3 31.Qxg5+ Rg6 32.Qb5 Nc5 33.Bxc5 Bxc5+ 34.
Kh1 Bxd1 35.Qd7 Rgc6 36.Qxd1 Rd6 37.Qb3+ Kf8 38.h4 Rcd8 39.e5 Rd2 40.Qe6 
Be7 41.Qf5+ Kg7 42.h5 Re2 43.h6+ Kg8 44.Qg4+ Kf8 45.Qg7+ Ke8 46.Qg8+ Bf8 
47.e6 Rd1+ 48.Kh2 Rdd2 49.Qf7+ Kd8 50.Qxf8+ Kc7 51.e7 1-0

[Event "30. Augsburger Friedensfest-Open"]
[Site "Augsburg"]
[Date "2025.08.07"]
[Round "1.20"]
[White "Blodig, Vincent"]
[Black "Eichschmied, Patrick"]
[Result "1-0"]
[WhiteElo "2054"]
[BlackElo "1951"]
[EventDate "2025.08.07"]
[Time "09:30:00"]
[WhiteNrv "2054"]
[BlackNrv "1951"]
[WhiteTwz "2054"]
[BlackTwz "1951"]
[WhiteFideId "16297857"]
[BlackFideId "24683663"]
[WhiteNatFedId "10680650"]
[BlackNatFedId "10043123"]
[WhiteAttr "M"]
[BlackAttr "M"]
[WhiteTeam "SF Augsburg"]
[BlackTeam "MTV Ingolstadt"]

1.e4 e5 2.Nf3 Nc6 3.Bc4 Nf6 4.d3 Bc5 5.O-O O-O 6.Bg5 d6 7.c3 h6 8.Bh4 a6 
9.Bb3 Ba7 10.Nbd2 Re8 11.Re1 g5 12.Bg3 Nh7 13.Nf1 h5 14.h4 g4 15.N3h2 Ne7 
16.Ne3 Ng6 17.d4 exd4 18.cxd4 Nxh4 19.f3 Ng6 20.Bf2 Nf6 21.fxg4 Nxe4 22.
gxh5 Nxf2 23.Qf3 Nh8 24.Qxf2 Bxd4 25.Nf3 Bg7 26.Qg3 Kf8 27.Ng5 Be5 28.Nh7+
Ke7 29.Nd5+ Kd7 30.Rxe5 Rxe5 31.Nhf6+ Ke6 32.Qh3+ 1-0